| 000 | 02795cam a2200481 i 4500 | ||
|---|---|---|---|
| 001 | 19013970 | ||
| 003 | BJBSDDR | ||
| 005 | 20240911152419.0 | ||
| 007 | ta | ||
| 008 | 160314s2016 nyua j b 000 0 eng | ||
| 010 | _a 2016011720 | ||
| 020 | _a9780448487854 | ||
| 020 | _a0448487853 | ||
| 040 |
_aDLC _beng _cDLC _erda _dDLC |
||
| 041 | _aeng | ||
| 042 | _apcc | ||
| 043 | _an-us-ny | ||
| 050 | 1 | 4 |
_aNA 6233 _bO18w 2016 |
| 082 | 0 | 0 | _a725/.23097471 |
| 100 | 1 |
_aO'Connor, Jim _937229 |
|
| 245 | 1 | 0 |
_aWhat were the Twin Towers? / _cby Jim O'Connor ; illustrated by Ted Hammond. |
| 264 | 1 |
_aNew York : _bGrosset & Dunlap, an imprint of Penguin Random House, _c2016. |
|
| 300 |
_a108 pages, 16 unnumbered pages of plates : _billustrations ; _c21 cm. |
||
| 336 |
_atext _btxt _2rdacontent |
||
| 337 |
_aunmediated _bn _2rdamedia |
||
| 338 |
_avolume _bnc _2rdacarrier |
||
| 490 | 1 | _aWhat was...? | |
| 504 | _aIncludes bibliographical references (page 108). | ||
| 505 | 0 | _aWhat were the Twin Towers?-- Money, money, money-- Sky-high towers-- Battle plan-- Up they go Love 'em or hate 'em!-- Daredevils-- City within a city-- The first attack-- 9/11 Why did the towers fall?-- The New World Trade Center-- The museum-- Timelines. | |
| 520 |
_a"Discover the true story of the Twin Towers--how they came to be the tallest buildings in the world and why they were destroyed. When the Twin Towers were built in 1973, they were billed as an architectural wonder. At 1,368 feet, they clocked in as the tallest buildings in the world and changed the New York City skyline dramatically. Offices and corporations moved into the towers--also known as the World Trade Center--and the buildings were seen as the economic hub of the world. But on September 11, 2001, a terrorist attack toppled the towers and changed our nation forever. Discover the whole story of the Twin Towers--from their ambitious construction to their tragic end"-- _cProvided by publisher. |
||
| 610 | 2 | 0 |
_aWorld Trade Center (New York, N.Y. : 1970-2001) _vJuvenile literature. |
| 610 | 2 | 4 |
_aWorld Trade Center (Nueva York, N.Y. : 1970-2001) _vLiteratura juvenil _938424 |
| 650 | 0 |
_aSkyscrapers _zNew York (State) _zNew York _vJuvenile literature. |
|
| 650 | 4 |
_aRascacielos _zNueva York (Estados Unidos) _vLiteratura juvenil _938425 |
|
| 651 | 0 |
_aNew York (N.Y.) _xBuildings, structures, etc. _vJuvenile literature. |
|
| 651 | 4 |
_aNueva York (Estados Unidos) _xEdificios, estructuras, etc. _vLiteratura juvenil _938426 |
|
| 700 | 1 |
_aHammond, Ted _eillustrator _937232 |
|
| 830 | 0 |
_aWhat was? _937172 |
|
| 906 |
_a7 _bcbc _corignew _d1 _eecip _f20 _gy-gencatlg |
||
| 942 |
_2lcc _cBK |
||
| 946 | _irmza | ||
| 999 |
_c121574 _d121574 |
||